Principles of Islamic jurisprudence / (Record no. 958)

000 -LEADER
fixed length control field nam a22 a 4500
003 - CONTROL NUMBER IDENTIFIER
control field AKMAL
005 - DATE AND TIME OF LATEST TRANSACTION
control field 20170508095908.0
008 - FIXED-LENGTH DATA ELEMENTS--GENERAL INFORMATION
fixed length control field 170508s1989 my 00 eng d
020 ## - INTERNATIONAL STANDARD BOOK NUMBER
International Standard Book Number 9679782840 (pbk)
-- 9679782816:
Terms of availability RM55.00
040 ## - CATALOGING SOURCE
Original cataloging agency AKMAL
082 04 - DEWEY DECIMAL CLASSIFICATION NUMBER
Classification number 297.14 KAM
Edition number 21
090 ## - LOCALLY ASSIGNED LC-TYPE CALL NUMBER (OCLC); LOCAL CALL NUMBER (RLIN)
Classification number (OCLC) (R) ; Classification number, CALL (RLIN) (NR) 297.14
Local cutter number (OCLC) ; Book number/undivided call number, CALL (RLIN) KAM
100 1# - MAIN ENTRY--PERSONAL NAME
Personal name Kamali, Mohammad Hashim,
Dates associated with a name 1944-
9 (RLIN) 2036
245 1# - TITLE STATEMENT
Title Principles of Islamic jurisprudence /
Statement of responsibility, etc. Mohammad Hashim Kamali
260 ## - PUBLICATION, DISTRIBUTION, ETC.
Place of publication, distribution, etc. Petaling Jaya :
Name of publisher, distributor, etc. Pelanduk Publications,
Date of publication, distribution, etc. 1989
300 ## - PHYSICAL DESCRIPTION
Extent xxii, 524p. ;
Dimensions 22cm
500 ## - GENERAL NOTE
General note Mengandungi ayat-ayat dari Quran
504 ## - BIBLIOGRAPHY, ETC. NOTE
Bibliography, etc. note Bibliography: ms.501-508
650 ## - SUBJECT ADDED ENTRY--TOPICAL TERM
Topical term or geographic name entry element Islamic law
General subdivision Sources
9 (RLIN) 1526
650 ## - SUBJECT ADDED ENTRY--TOPICAL TERM
Topical term or geographic name entry element Islamic law
General subdivision Interpretation and construction
9 (RLIN) 1525
650 ## - SUBJECT ADDED ENTRY--TOPICAL TERM
Topical term or geographic name entry element Fatwas
9 (RLIN) 1754
942 ## - ADDED ENTRY ELEMENTS (KOHA)
Source of classification or shelving scheme
Koha item type Book
Holdings
Withdrawn status Lost status Source of classification or shelving scheme Damaged status Not for loan Collection code Home library Current library Shelving location Date acquired Inventory number Total Checkouts Full call number Barcode Date last seen Price effective from Koha item type
          NON-FICTION AKMAL Melaka AKMAL Melaka PINJAMAN 08.05.2017 200083   297.14 KAM 20701913 08.05.2017 08.05.2017 Book
Pusat Sumber Maklumat Dato' Haji Sarmin Md Hussin, Akademi Kastam Diraja Malaysia, Melaka
Tel: 06-2331106 | Faks: 06-2313787